Nelson's last diary. (Record no. 130199)
[ view plain ]
| 000 -LEADER | |
|---|---|
| fixed length control field | 01053cam a2200289 4500 |
| 001 - CONTROL NUMBER | |
| control field | 4546279 |
| 003 - CONTROL NUMBER IDENTIFIER | |
| control field | ARRUPE |
| 005 - DATE AND TIME OF LATEST TRANSACTION | |
| control field | 20200129094938.0 |
| 008 - FIXED-LENGTH DATA ELEMENTS--GENERAL INFORMATION | |
| fixed length control field | 720314s1971 ohua 000 0aeng |
| 010 ## - LIBRARY OF CONGRESS CONTROL NUMBER | |
| LC control number | 70165752 |
| 020 ## - INTERNATIONAL STANDARD BOOK NUMBER | |
| International Standard Book Number | 0873381211 |
| 040 ## - CATALOGING SOURCE | |
| Original cataloging agency | DLC |
| Transcribing agency | DLC |
| Modifying agency | DLC |
| 050 00 - LIBRARY OF CONGRESS CALL NUMBER | |
| Classification number | DA87.1.N4 |
| Item number | A45 1971 |
| 082 00 - DEWEY DECIMAL CLASSIFICATION NUMBER | |
| Classification number | 940.2/7/0924 |
| 300 ## - PHYSICAL DESCRIPTION | |
| Other physical details | illus. |
| Dimensions | 25 cm. |
| 100 ## - MAIN ENTRY--PERSONAL NAME | |
| Personal name | Nelson, Horatio |
| 9 (RLIN) | 49092 |
| 245 10 - TITLE STATEMENT | |
| Title | Nelson's last diary. |
| Statement of responsibility, etc | A facsimile edited by Oliver Warner. |
| Remainder of title | Horatio Nelson |
| 260 ## - PUBLICATION, DISTRIBUTION, ETC. (IMPRINT) | |
| Place of publication, distribution, etc | London |
| Name of publisher, distributor, etc | Seeley, Service and co. |
| Date of publication, distribution, etc | [1971] |
| 300 ## - PHYSICAL DESCRIPTION | |
| Extent | 80 p. |
| 350 ## - PRICE (NR) (BK AM CF MU VM SE) [OBSOLETE] | |
| Price | $6.00 |
| 500 ## - GENERAL NOTE | |
| General note | Contains a photocopy of the hand-written diary for the period Sept. 13/14-Oct. 21, 1805 with a printed transcription. |
| 600 10 - SUBJECT ADDED ENTRY--PERSONAL NAME | |
| Personal name | Nelson, Horatio Nelson, |
| Titles and other words associated with a name | Viscount, |
| Dates associated with a name | 1758-1805 |
| General subdivision | Diaries. |
| 9 (RLIN) | 49093 |
| 650 #0 - SUBJECT ADDED ENTRY--TOPICAL TERM | |
| Topical term or geographic name as entry element | Admirals |
| Geographic subdivision | Great Britain |
| General subdivision | Diaries. |
| 9 (RLIN) | 49094 |
| 651 #0 - SUBJECT ADDED ENTRY--GEOGRAPHIC NAME | |
| Geographic name | Great Britain |
| General subdivision | History, Naval |
| Chronological subdivision | 19th century. |
| 9 (RLIN) | 49088 |
| 700 1# - ADDED ENTRY--PERSONAL NAME | |
| Personal name | Warner, Oliver, |
| Dates associated with a name | 1903-1976. |
| 9 (RLIN) | 49095 |
| 906 ## - LOCAL DATA ELEMENT F, LDF (RLIN) | |
| a | 7 |
| b | cbc |
| c | orignew |
| d | 2 |
| e | ncip |
| f | 19 |
| g | y-gencatlg |
| 942 ## - ADDED ENTRY ELEMENTS (KOHA) | |
| Source of classification or shelving scheme | Library of Congress Classification |
| Koha item type | Monograph ( Printed materials) |
| Withdrawn status | Lost status | Source of classification or shelving scheme | Damaged status | Not for loan | Collection code | Home library | Current library | Shelving location | Date acquired | Total Checkouts | Full call number | Barcode | Date last seen | Price effective from | Koha item type |
|---|---|---|---|---|---|---|---|---|---|---|---|---|---|---|---|
| Library of Congress Classification | Main Collection | ARRUPE LIBRARY | ARRUPE LIBRARY | Main Collection | 29/01/2020 | DA87.1.N4 A45 1971 | 46600006274 | 29/01/2020 | 29/01/2020 | Monograph ( Printed materials) |